| 000 | 00711nam a2200217 a 4500 | ||
|---|---|---|---|
| 001 | 857 | ||
| 003 | CDMR | ||
| 005 | 20151030104202.0 | ||
| 008 | 130130s1968||||sp |||||||||||||||||spa|d | ||
| 040 |
_aCDMR _bcat _cCDMR |
||
| 100 | 1 |
_aCarpenter, Edmund _9675 |
|
| 245 | 1 | 3 |
_aEl aula sin muros _b: investigaciones sobre técnicas de comunicación _cEdmund Carpenter, Marshall McLuhan ; [traducción de Luis Carandell] |
| 260 |
_aBarcelona _c1968 _bCultura Popular |
||
| 300 |
_a266 p. _c21 cm |
||
| 490 | 0 |
_aPapeles sociales _v14 |
|
| 650 | 0 | 4 |
_9405 _aMitjans de comunicació de massa |
| 650 | 0 | 4 |
_92085 _aComunicació _xTeoria |
| 650 | 0 | 4 |
_9388 _aComunicació humana |
| 700 | 1 |
_9425 _aMcLuhan, Marshall |
|
| 942 |
_cMON _2udc |
||
| 999 |
_c857 _d857 |
||